Farm women in Canada, New Zeland and Australia redefine their rurality
Záujmové skupiny rurálnych žien v Ontáriu, Austrálii a na Novom Zélande. Reakcia poľnohospodárskych žien na zmeny v poľnohospodárskej výrobe za posledné dve desaťročia. Činnosť a štruktúra hnutia poľnohospodárskych žien.
Guardado en:
| Autor principal: | |
|---|---|
| Formato: | Capítulo de libro |
| Lenguaje: | inglés |
| Materias: | |
| Etiquetas: |
Sin Etiquetas, Sea el primero en etiquetar este registro!
|
MARC
| LEADER | 00000naa a2200000 4500 | ||
|---|---|---|---|
| 001 | r020057 | ||
| 005 | 20221205103322.4 | ||
| 041 | 0 | |a eng | |
| 044 | |a CZ | ||
| 245 | 1 | 0 | |a Farm women in Canada, New Zeland and Australia redefine their rurality |c E.K. Teather |
| 520 | |a Záujmové skupiny rurálnych žien v Ontáriu, Austrálii a na Novom Zélande. Reakcia poľnohospodárskych žien na zmeny v poľnohospodárskej výrobe za posledné dve desaťročia. Činnosť a štruktúra hnutia poľnohospodárskych žien. | ||
| 610 | 2 | 0 | |a ženy |
| 610 | 2 | 0 | |a hnutie ženské |
| 610 | 2 | 0 | |a poľnohospodárstvo |
| 610 | 2 | 0 | |a Kanada |
| 610 | 2 | 0 | |a Austrália |
| 610 | 2 | 0 | |a Nový Zéland |
| 610 | 2 | 0 | |a výroba poľnohospodárska |
| 610 | 2 | 0 | |a vidiek |
| 100 | 1 | |a Teather, E.K. | |